La Recuperación de los precios del café
Αποθηκεύτηκε σε:
| Μορφή: | Κείμενο |
|---|---|
| Θέματα: | |
| Ετικέτες: |
Προσθήκη ετικέτας
Δεν υπάρχουν, Καταχωρήστε ετικέτα πρώτοι!
|
MARC
| LEADER | 00000 a a2200000 04500 | ||
|---|---|---|---|
| 001 | 5859 | ||
| 003 | |||
| 040 | |||
| 245 | |a La Recuperación de los precios del café | ||
| 650 | |a CAFE | ||
| 650 | |a PRECIOS | ||
| 650 | |a MERCADO | ||
| 650 | |a COMERCIO INTERNACIONAL | ||
| 650 | |a ESTADO | ||
| 773 | |g volumen 15, número 625; páginas 4-7 | ||
| 999 | |c 27597 |d 27597 | ||
